New frontiers in child welfare: proceedings (Record no. 375286)

000 -LEADER
fixed length control field 00483cam a22001337a 4500
008 - FIXED-LENGTH DATA ELEMENTS--GENERAL INFORMATION
fixed length control field 180718b1956 xxu||||| |||| 00| 0 eng d
082 ## - DEWEY DECIMAL CLASSIFICATION NUMBER
Classification number Q43x54 N213n
245 ## - TITLE STATEMENT
Title New frontiers in child welfare: proceedings
Statement of responsibility, etc. by National Conference on Child Welfare, India
260 ## - PUBLICATION, DISTRIBUTION, ETC.
Place of publication, distribution, etc. New Delhi
Name of publisher, distributor, etc. Indian Council for Child Welfare
Date of publication, distribution, etc. 1956
300 ## - PHYSICAL DESCRIPTION
Extent 196p.
500 ## - GENERAL NOTE
General note Held at New Delhi on May 9-12 1956
650 ## - SUBJECT ADDED ENTRY--TOPICAL TERM
Topical term or geographic name entry element Child Welfare - India
700 ## - ADDED ENTRY--PERSONAL NAME
Personal name India. National Conference on Child Welfare
Holdings
Withdrawn status Lost status Damaged status Not for loan Permanent Location Current Location Date acquired Full call number Barcode Date last seen Price effective from Koha item type
        Indian Institute of Public Administration Indian Institute of Public Administration 1994-07-20 Q43x54 N213n 10006 2018-07-21 2018-07-21 Book

Powered by Koha